<?xml version="1.0" encoding="UTF-8"?>
<marc:record xmlns:marc="http://www.loc.gov/MARC21/slim">
   <marc:leader>00000nam a2200000 a 4500</marc:leader>
   <marc:datafield ind1="1" ind2=" " tag="100">
      <marc:subfield code="a">Seven Deers, Sanna</marc:subfield>
      <marc:subfield code="4">aut</marc:subfield>
      <marc:subfield code="e">Verfasser/-in</marc:subfield>
   </marc:datafield>
   <marc:datafield ind1=" " ind2=" " tag="653">
      <marc:subfield code="a">Sanna Seven Deers</marc:subfield>
   </marc:datafield>
   <marc:datafield ind1=" " ind2=" " tag="653">
      <marc:subfield code="a">Indianer</marc:subfield>
   </marc:datafield>
   <marc:datafield ind1=" " ind2=" " tag="653">
      <marc:subfield code="a">Kanada</marc:subfield>
   </marc:datafield>
   <marc:datafield ind1=" " ind2=" " tag="653">
      <marc:subfield code="a">Freunde</marc:subfield>
   </marc:datafield>
   <marc:datafield ind1=" " ind2=" " tag="653">
      <marc:subfield code="a">Abenteuer</marc:subfield>
   </marc:datafield>
   <marc:datafield ind1=" " ind2=" " tag="653">
      <marc:subfield code="a">Wildnis</marc:subfield>
   </marc:datafield>
   <marc:datafield ind1=" " ind2=" " tag="653">
      <marc:subfield code="a">Softcover / Kinder- und Jugendbücher/Kinderbücher bis 11 Jahre</marc:subfield>
   </marc:datafield>
   <marc:datafield ind1="0" ind2="0" tag="245">
      <marc:subfield code="a">Beaver Creek Ranch</marc:subfield>
   </marc:datafield>
   <marc:datafield ind1="0" ind2="0" tag="245">
      <marc:subfield code="c">Sanna Seven Deers</marc:subfield>
   </marc:datafield>
   <marc:datafield ind1=" " ind2="1" tag="264">
      <marc:subfield code="a">Gifkendorf</marc:subfield>
      <marc:subfield code="b">Little Tiger Verlag GmbH</marc:subfield>
      <marc:subfield code="c">2013</marc:subfield>
   </marc:datafield>
   <marc:datafield ind1=" " ind2=" " tag="250">
      <marc:subfield code="a">1. Aufl.</marc:subfield>
   </marc:datafield>
   <marc:datafield ind1="1" ind2=" " tag="520">
      <marc:subfield code="a">Angaben aus der Verlagsmeldung

Am See des Blauen Mondes : Beaver Creek Ranch, Bd. 3 / von Sanna Seven Deers

Was als harmloser Familienausflug beginnt, nimmt einen aufregenden Verlauf: Die Yellow Eagles besuchen aus Anlass des 13. Geburtstages von Lucy die alte Indianerin Betty Lone Wolfe. Sie lebt mit ihrem Enkelsohn Henry auf einem abgelegenen Grundstück am wunderschönen Blue Moon Lake. Doch Betty und die Yellow-Eagle-Kinder erkranken schwer und müssen ins Krankenhaus gebracht werden. Dort kommt schnell der Verdacht auf, dass Bettys Brunnenwasser vergiftet wurde. Aber wer würde so etwas tun? Gibt es einen Zusammenhang mit dem Auftritt von Mr. Barkley, der Bettys Grundstück kaufen will? Ehe sie sich versehen, stecken die Yellow-Eagle-Kinder in einem neuen und diesmal sehr brenzligen Abenteuer. Nicht nur ihr Mut, auch ihre Klugheit wird dabei auf die Probe gestellt!
</marc:subfield>
   </marc:datafield>
   <marc:datafield ind1=" " ind2=" " tag="020">
      <marc:subfield code="a">9783931081898</marc:subfield>
      <marc:subfield code="9">9783931081898</marc:subfield>
   </marc:datafield>
   <marc:datafield ind1=" " ind2=" " tag="041">
      <marc:subfield code="a">ger</marc:subfield>
   </marc:datafield>
   <marc:datafield ind1=" " ind2=" " tag="300">
      <marc:subfield code="a">144 S.</marc:subfield>
   </marc:datafield>
</marc:record>
